000 00615cam a2200217 a 4500
001 000007720
005 20200929154256.0
008 900608s1985 sp 000 0 spa
020 _a8423317978
040 _aDO-SdBNP
_dBNPHU
082 _a863.44
_bS474t
100 1 _aSender, Rafael.
_921393
245 1 0 _aTendrás oro y oro /
_cRafael Sender.
260 _aBarcelona :
_bAnagrama,
_c1985.
300 _a237 p. ;
_c20 cm.
490 1 _aDestinolibro
_v298
650 4 _aCuentos españoles
_93194
650 4 _aLiteratura española
_9632
830 0 _aDestinolibro ;
_v298
_98086
910 _aCatalogación derivada
999 _c7498
_d7498